00393nam a22000977a 4500008004100000082001300041100001800054245014300072260007100215300000900286230629b xxu||||| |||| 00| 0 eng d a334bAND cParis Andreou aCooperative Institutions and Economic Development in Developed and Developing NationsbSome lessons from Advanced and developing Countries aNairobi, Kampala, DaersalaambEast African Literature Bureauc1977 a541p